[Event "N�_LL 2008/09"]
[Site "?"]
[Date "2009.04.26"]
[Round "11"]
[White "Gugler, Edgar"]
[Black "Winiwarter, Felix"]
[Result "1/2-1/2"]
[WhiteElo "2145"]
[BlackElo "2189"]
[Annotator "Amstetten : Krems"]
[PlyCount "34"]
[EventDate "2008.11.10"]
[SourceDate "2009.04.19"]

1. d4 Nf6 2. Nf3 d5 3. e3 e6 4. Bd3 Nbd7 5. b3 Ne4 6. O-O Bd6 7. Bb2 O-O 8. c4
a6 9. Nbd2 f5 10. Ne5 Nxe5 11. dxe5 Bc5 12. Nf3 Bd7 13. Qc2 Rc8 14. Bd4 Ba3 15.
Bb2 Bc5 16. Bd4 Ba3 17. Bb2 Bc5 1/2-1/2

[Event "N�_LL 2008/09"]
[Site "?"]
[Date "2009.04.26"]
[Round "11"]
[White "Wadsack, Wolfgang"]
[Black "Gruszka, Herbert"]
[Result "1/2-1/2"]
[WhiteElo "2201"]
[BlackElo "1990"]
[Annotator "Amstetten : Krems"]
[PlyCount "75"]
[EventDate "2008.11.10"]
[SourceDate "2009.04.19"]

1. e4 e5 2. Nc3 Nc6 3. Nf3 Nf6 4. d4 exd4 5. Nxd4 Bb4 6. Nxc6 Bxc3+ 7. bxc3
bxc6 8. Bd3 d6 9. Bg5 h6 10. Bh4 g5 11. Bg3 Bg4 12. f3 Be6 13. O-O Nh5 14. f4
Nxf4 15. Bxf4 gxf4 16. Rxf4 Qg5 17. Qf3 Rg8 18. Rf1 Rg7 19. h4 Qc5+ 20. Qf2
Qxf2+ 21. Kxf2 Ke7 22. Rb1 Rag8 23. Bf1 Rg4 24. Rxg4 Rxg4 25. g3 Rxe4 26. Rb7
Ra4 27. Rxc7+ Kf6 28. Rxc6 Rxa2 29. Bd3 Ke5 30. Ke3 a5 31. c4 a4 32. Ra6 Ra1
33. Ra5+ Kf6 34. Kd4 Rg1 35. Rxa4 Rxg3 36. Ra6 Rg4+ 37. Kc3 Ke7 38. Ra7+
1/2-1/2

[Event "N�_LL 2008/09"]
[Site "?"]
[Date "2009.04.26"]
[Round "11"]
[White "Schroll, Gerhard"]
[Black "Baumegger, Siegfried"]
[Result "0-1"]
[WhiteElo "2395"]
[BlackElo "2435"]
[Annotator "Baden : Wr.Neustadt"]
[PlyCount "48"]
[EventDate "2008.11.10"]
[SourceDate "2009.04.19"]

1. c4 e6 2. Nc3 Bb4 3. e4 d6 4. Bd3 Nc6 5. Nge2 Nge7 6. a3 Bxc3 7. dxc3 O-O 8.
O-O e5 9. Ng3 Be6 10. b4 Qd7 11. Be3 f5 12. exf5 Nxf5 13. Nxf5 Bxf5 14. Bxf5
Rxf5 15. Qd5+ Qf7 16. Qe4 Rf8 17. Rfd1 Ne7 18. Qxb7 Qxc4 19. Bxa7 e4 20. Bd4
Nd5 21. Re1 R5f7 22. Rxe4 c6 23. Qxf7+ Rxf7 24. a4 Nxc3 0-1

[Event "N�_LL 2008/09"]
[Site "?"]
[Date "2009.04.26"]
[Round "11"]
[White "Heimberger, Reinhard"]
[Black "Trkulja, Zoran"]
[Result "1-0"]
[WhiteElo "2219"]
[BlackElo "2211"]
[Annotator "Bisamberg/Korneuburg : B�hlerwerk"]
[PlyCount "55"]
[EventDate "2008.11.10"]
[SourceDate "2009.04.19"]

1. d4 Nf6 2. g3 d5 3. Bg2 c6 4. Nf3 Bg4 5. Nbd2 Nbd7 6. b3 Qc7 7. Bb2 Bxf3 8.
Nxf3 e6 9. O-O Ne4 10. c4 Be7 11. Nd2 Nxd2 12. Qxd2 Nf6 13. f3 h5 14. e4 dxe4
15. fxe4 O-O-O 16. e5 Ng4 17. Rxf7 Nh6 18. Rxg7 Nf5 19. Rf7 Qb6 20. Kh1 h4 21.
g4 Bb4 22. Qf4 Nxd4 23. Bxd4 Rxd4 24. Qf6 Rhd8 25. Qxe6+ Kb8 26. Raf1 Rd2 27.
g5 Qe3 28. Rxb7+ 1-0

[Event "N�_LL 2008/09"]
[Site "?"]
[Date "2009.04.26"]
[Round "11"]
[White "Sadilek, Peter"]
[Black "Kranzl, Peter"]
[Result "0-1"]
[WhiteElo "2167"]
[BlackElo "2266"]
[Annotator "Bisamberg/Korneuburg : B�hlerwerk"]
[PlyCount "34"]
[EventDate "2008.11.10"]
[SourceDate "2009.04.24"]

1. e4 c6 2. c4 e5 3. Nf3 d6 4. d4 Nf6 5. dxe5 Nxe4 6. Qc2 Nc5 7. exd6 Bxd6 8.
Be3 Nba6 9. a3 Qf6 10. Nc3 Bf5 11. Qd1 O-O-O 12. Bd4 Qg6 13. Be2 Qxg2 14. Rg1
Qh3 15. b4 Ne6 16. b5 Nac5 17. bxc6 bxc6 0-1

[Event "N�_LL 2008/09"]
[Site "?"]
[Date "2009.04.26"]
[Round "11"]
[White "Vykydal, Frantisek"]
[Black "Gr�tz, Harald"]
[Result "0-1"]
[WhiteElo "2242"]
[BlackElo "2364"]
[Annotator "Zwettl : Stockerau"]
[PlyCount "86"]
[EventDate "2008.11.10"]
[SourceDate "2009.04.24"]

1. e4 c5 2. Nc3 d6 3. g3 Nc6 4. Bg2 g6 5. d3 Bg7 6. Be3 e6 7. Qd2 Nge7 8. Bh6
Bxh6 9. Qxh6 Nd4 10. Qd2 e5 11. Nd1 d5 12. Ne3 Be6 13. Nf3 Nxf3+ 14. Bxf3 d4
15. Ng2 O-O 16. O-O b5 17. Be2 f6 18. f4 Nc6 19. Nh4 Bh3 20. Rf2 Qa5 21. Qxa5
Nxa5 22. fxe5 fxe5 23. Rxf8+ Rxf8 24. a4 b4 25. Nf3 Nc6 26. Rc1 Bd7 27. Nd2 Be6
28. Bd1 g5 29. Nb3 c4 30. Nc5 Bh3 31. Be2 c3 32. g4 Rf6 33. b3 Kf7 34. a5 Ke7
35. Ra1 Rf4 36. Ra4 Bxg4 37. Bxg4 Rxg4+ 38. Kf2 Rf4+ 39. Kg2 Rg4+ 40. Kf2 Rf4+
41. Kg2 h5 42. Na6 Rg4+ 43. Kf2 h4 0-1

[Event "N�_LL 2008/09"]
[Site "?"]
[Date "2009.04.26"]
[Round "11"]
[White "Rudolf, Herbert"]
[Black "Posch, Werner"]
[Result "1/2-1/2"]
[WhiteElo "2097"]
[BlackElo "2198"]
[Annotator "Baden : Wr.Neustadt"]
[PlyCount "23"]
[EventDate "2008.11.10"]
[SourceDate "2009.04.24"]

1. Nf3 d5 2. c4 e6 3. d4 Nf6 4. Nc3 Be7 5. Bf4 O-O 6. e3 b6 7. Be2 Bb7 8. O-O
c5 9. dxc5 Bxc5 10. cxd5 Nxd5 11. Nxd5 Bxd5 12. Qa4 1/2-1/2

[Event "N�_LL 2008/09"]
[Site "?"]
[Date "2009.04.26"]
[Round "11"]
[White "P�tz, Florian"]
[Black "Lampl, Gerald"]
[Result "1-0"]
[WhiteElo "2173"]
[BlackElo "2155"]
[Annotator "Niederabsdorf : Bad V�slau/Kottingbrunn"]
[PlyCount "57"]
[EventDate "2008.11.10"]
[SourceDate "2009.04.25"]

1. e4 d5 2. exd5 Qxd5 3. Nc3 Qd6 4. d4 c6 5. Nf3 Bg4 6. Be3 Nf6 7. h3 Bh5 8. g4
Bg6 9. Ne5 Nbd7 10. Nxg6 hxg6 11. Qf3 e6 12. O-O-O Nb6 13. Bd3 Be7 14. Bf4 Qd8
15. Be5 Nbd7 16. Kb1 Nxe5 17. dxe5 Nd5 18. Ne4 Qc7 19. c4 Nb4 20. Nd6+ Bxd6 21.
exd6 Qxd6 22. Bxg6 Qc7 23. Be4 O-O 24. a3 Na6 25. Bc2 Nc5 26. g5 Qe5 27. Qg4 g6
28. h4 Rad8 29. h5 1-0

[Event "N�_LL 2008/09"]
[Site "?"]
[Date "2009.04.26"]
[Round "11"]
[White "Sadilek, Maximilian"]
[Black "Mlynek, Petr"]
[Result "1/2-1/2"]
[WhiteElo "2156"]
[BlackElo "2196"]
[Annotator "Zwettl : Stockerau"]
[PlyCount "63"]
[EventDate "2008.11.10"]
[SourceDate "2009.04.25"]

1. e4 c6 2. Nc3 d5 3. Qf3 dxe4 4. Nxe4 Nd7 5. d4 Ndf6 6. c3 Bg4 7. Nxf6+ Nxf6
8. Qg3 e6 9. Nf3 Bd6 10. Bf4 Bxf4 11. Qxf4 Qb6 12. O-O-O Bf5 13. Ne5 Qa5 14.
Bc4 O-O 15. g4 Bg6 16. h4 Nd5 17. Bxd5 cxd5 18. h5 Be4 19. f3 f6 20. Nd7 Qa4
21. fxe4 Qxd7 22. h6 g6 23. exd5 exd5 24. Rhe1 Rae8 25. Rxe8 Qxe8 26. Rf1 f5
27. Qd6 Qe3+ 28. Kc2 Qe2+ 29. Kb3 Qc4+ 30. Kc2 Qe2+ 31. Kb3 Qc4+ 32. Kc2
1/2-1/2

[Event "N�-LL 2008/09"]
[Site "?"]
[Date "2009.04.26"]
[Round "11"]
[White "Zojer, Thomas"]
[Black "Teuber, Andreas"]
[Result "1-0"]
[WhiteElo "2079"]
[BlackElo "2154"]
[Annotator "Niederabsdorf : Bad V�slau/Kottingbrunn"]
[PlyCount "75"]

1. d4 d5 2. Nf3 Nf6 3. e3 e6 4. Bd3 c5 5. b3 Nc6 6. O-O Bd6 7. Bb2 O-O 8. Nbd2
b6 9. Ne5 Qc7 10. f4 Nb4 11. dxc5 bxc5 12. c4 Nxd3 13. Nxd3 Qe7 14. Ne5 Bb7 15.
Rc1 Rfd8 16. Qe2 a5 17. a4 Nd7 18. e4 Bxe5 19. Bxe5 Nxe5 20. fxe5 dxe4 21. Nxe4
Bxe4 22. Qxe4 Rab8 23. Rf3 Qb7 24. Qe3 Rd4 25. Rcf1 Rf8 26. Rg3 Qe7 27. Qh6 g6
28. Rh3 f5 29. exf6 Qd7 30. Qg5 Rd1 31. Rhf3 Qd4+ 32. Kh1 Rf7 33. h4 Kf8 34. h5
gxh5 35. Qxh5 Rxf1+ 36. Rxf1 Rxf6 37. Qh6+ Ke7 38. Qg7+ 1-0

[Event "N�-LL 2008/09"]
[Site "?"]
[Date "2009.04.26"]
[Round "11"]
[White "Pammer, Andreas"]
[Black "Ebner, Johann"]
[Result "1-0"]
[WhiteElo "2120"]
[BlackElo "2055"]
[Annotator "Bisamberg/Korneuburg : B�hlerwerk"]
[PlyCount "103"]
[SourceDate "2009.04.25"]

1. c4 e6 2. Nf3 Nf6 3. b3 d5 4. Bb2 Be7 5. g3 O-O 6. Bg2 b6 7. Ne5 Bb7 8. O-O
Nfd7 9. Nxd7 Nxd7 10. Nc3 Nf6 11. d4 c5 12. dxc5 bxc5 13. Qd2 Qd7 14. cxd5 exd5
15. Rac1 Rad8 16. Na4 c4 17. Bxf6 Bxf6 18. Nc5 Qe7 19. Nxb7 c3 20. Qd3 Qxb7 21.
Rfd1 Rc8 22. Bxd5 Qb4 23. e4 Qc5 24. Rc2 Rc7 25. Kg2 g5 26. Qf3 Qe7 27. Qf5 Kh8
28. Rd3 Qe5 29. Qxe5 Bxe5 30. f4 gxf4 31. gxf4 Bxf4 32. Rdxc3 Rg8+ 33. Kh3 Rgc8
34. Rxc7 Rxc7 35. Rxc7 Bxc7 36. Bxf7 Kg7 37. Bd5 Kf6 38. Kg2 Kg5 39. h3 Kf6 40.
Kf3 Bb6 41. Ke2 Ke5 42. Kd3 Kd6 43. Kc4 Bf2 44. Kb5 Bd4 45. Ka6 Bc5 46. b4 Bf2
47. Kb7 h6 48. a4 Be3 49. a5 Bd4 50. b5 Kc5 51. b6 axb6 52. a6 1-0

[Event "N�-LL 2008/09"]
[Site "?"]
[Date "2009.04.26"]
[Round "11"]
[White "Mahdy, Khaled"]
[Black "Rumpl, Erwin"]
[Result "1/2-1/2"]
[WhiteElo "2388"]
[BlackElo "2271"]
[Annotator "Amstetten : Krems"]
[PlyCount "65"]
[SourceDate "2009.04.25"]

1. e4 e6 2. d4 d5 3. exd5 exd5 4. Nf3 Bd6 5. c4 c6 6. c5 Be7 7. Bd3 Nf6 8. O-O
O-O 9. Nc3 Bg4 10. h3 Bh5 11. Re1 Re8 12. Bf4 Nbd7 13. g4 Bg6 14. Bxg6 hxg6 15.
Qd3 Nf8 16. Bg3 Ne6 17. Re2 Nd7 18. Rae1 g5 19. b4 a6 20. a4 Ndf8 21. Nd1 Bf6
22. Ne3 Ng6 23. Ng2 Qd7 24. Qf5 Ne7 25. Qd3 Ng6 26. Kf1 Rad8 27. Qf5 Ne7 28.
Qd3 Ng6 29. Bd6 Qc8 30. b5 axb5 31. axb5 Nef8 32. bxc6 bxc6 33. Re3 1/2-1/2

[Event "N�-LL 2008/09"]
[Site "?"]
[Date "2009.03.08"]
[Round "10"]
[White "Wagner, Stefan"]
[Black "Eberl, Hans-Christian"]
[Result "1/2-1/2"]
[WhiteElo "2160"]
[BlackElo "2103"]
[Annotator "B�hlerwerk : Zwettl"]
[PlyCount "22"]
[SourceDate "2009.04.25"]

1. e4 e6 2. d4 d5 3. Nc3 Bb4 4. e5 c5 5. a3 Bxc3+ 6. bxc3 Ne7 7. a4 Nbc6 8. Nf3
Qa5 9. Bd2 Bd7 10. Bb5 Qc7 11. O-O O-O 1/2-1/2

[Event "N�-LL 2008/09"]
[Site "?"]
[Date "2009.03.08"]
[Round "10"]
[White "Ebner, Johann"]
[Black "Pokaska, Miroslav"]
[Result "1/2-1/2"]
[WhiteElo "2055"]
[BlackElo "2175"]
[Annotator "B�hlerwerk : Zwettl"]
[PlyCount "27"]
[SourceDate "2009.04.25"]

1. d4 Nf6 2. c4 e6 3. Nf3 b6 4. g3 Bb7 5. Bg2 c5 6. e3 Be7 7. O-O O-O 8. b3 d6
9. Bb2 Nbd7 10. Nbd2 Qc7 11. Qc2 Rac8 12. e4 cxd4 13. Nxd4 a6 14. Qd1 1/2-1/2

[Event "N�-LL 2008/09"]
[Site "?"]
[Date "2009.04.26"]
[Round "11"]
[White "W�ber, Friedrich"]
[Black "Sandh�fner, Florian"]
[Result "1-0"]
[WhiteElo "2131"]
[BlackElo "2244"]
[Annotator "Amstetten : Krems"]
[PlyCount "85"]
[SourceDate "2009.04.28"]

1. e4 c5 2. Nf3 d6 3. d4 cxd4 4. Nxd4 Nf6 5. Nc3 a6 6. Bc4 e6 7. O-O Qc7 8. Bb3
Nc6 9. Be3 b5 10. a3 Bb7 11. f4 Nxd4 12. Qxd4 Be7 13. f5 e5 14. Qd1 O-O 15. Bg5
Nxe4 16. Nxe4 Bxe4 17. Bxe7 Qxe7 18. Qg4 d5 19. f6 Qc5+ 20. Kh1 Bg6 21. Rad1 d4
22. Rf5 Qc8 23. fxg7 Qxf5 24. gxf8=Q+ Rxf8 25. Qg3 Rd8 26. Kg1 d3 27. cxd3 Rxd3
28. Rxd3 Qxd3 29. Qxd3 Bxd3 30. Kf2 Kf8 31. Bd5 a5 32. Ke3 Bf5 33. b4 axb4 34.
axb4 Ke7 35. Bf3 Kd6 36. g4 Bd7 37. g5 Bc6 38. Bg4 Bd7 39. Be2 Ke6 40. Bd3 f5
41. gxf6 h6 42. Bf5+ Kd6 43. f7 1-0

[Event "N�-LL 2008/09"]
[Site "?"]
[Date "2009.04.26"]
[Round "11"]
[White "Bawart, Markus"]
[Black "Todor, Razvan"]
[Result "1-0"]
[WhiteElo "2349"]
[BlackElo "2181"]
[Annotator "Baden : Wr.Neustadt"]
[PlyCount "73"]
[EventDate "2009.??.??"]
[SourceDate "2009.04.28"]

1. Nf3 d5 2. c4 c6 3. e3 Nf6 4. Nc3 e6 5. b3 Bd6 6. Bb2 Nbd7 7. d4 b6 8. Bd3
Bb7 9. O-O c5 10. cxd5 exd5 11. dxc5 bxc5 12. Bc4 Nb6 13. Bb5+ Nbd7 14. Nxd5
Nxd5 15. e4 Nc7 16. Ba4 Bf4 17. g3 O-O 18. Bxd7 Bxe4 19. Nh4 Bg5 20. Qg4 Bg6
21. Nxg6 hxg6 22. Rad1 Bf6 23. Ba3 Bd4 24. Bc6 Qc8 25. Qe4 Rb8 26. Rxd4 cxd4
27. Bxf8 Qxf8 28. Qxd4 Qa3 29. Qe4 Qc5 30. Rd1 Ne6 31. Rd5 Qb6 32. Rb5 Qc7 33.
Rxb8+ Qxb8 34. Bd5 Nd8 35. Qe8+ Kh7 36. Bxf7 Qd6 37. Bg8+ 1-0

[Event "N�-LL 2008/09"]
[Site "?"]
[Date "2009.04.26"]
[Round "11"]
[White "Wiedermann, Daniel"]
[Black "Zojer, Stefan"]
[Result "1-0"]
[WhiteElo "2162"]
[BlackElo "2044"]
[Annotator "Niederabsdorf : Bad V�slau/Kottingbrunn"]
[PlyCount "63"]
[SourceDate "2009.04.28"]

1. d4 f5 2. g3 Nf6 3. Bg2 g6 4. c4 Bg7 5. Nc3 O-O 6. Nh3 d6 7. d5 Qe8 8. Nf4
Na6 9. O-O Nc5 10. Be3 Nfe4 11. Nxe4 Nxe4 12. Bd4 c5 13. Bxg7 Kxg7 14. Qd3 Nf6
15. b3 Bd7 16. a4 g5 17. Nh3 h6 18. f4 Ng4 19. fxg5 hxg5 20. Qd2 Rf6 21. Qxg5+
Rg6 22. Qd2 Qh8 23. e4 fxe4 24. Qf4 Ne5 25. Ng5 Rf6 26. Qxe4 Raf8 27. h4 Qh5
28. Rxf6 exf6 29. Ne6+ Bxe6 30. dxe6 Nc6 31. Re1 Qe5 32. Qg4+ 1-0

[Event "N�-LL 2008/09"]
[Site "?"]
[Date "2009.04.26"]
[Round "11"]
[White "Steiner, Adam"]
[Black "Lendwai, Reinhard"]
[Result "0-1"]
[WhiteElo "2184"]
[BlackElo "2423"]
[Annotator "Baden : Wr.Neustadt"]
[PlyCount "64"]
[SourceDate "2009.05.01"]

1. e4 c5 2. Nf3 Nc6 3. d4 cxd4 4. Nxd4 Nf6 5. Nc3 d6 6. Be3 Ng4 7. Bb5 Nxe3 8.
Nxc6 Nxd1 9. Nxd8+ Kxd8 10. Rxd1 e6 11. O-O a6 12. Be2 b5 13. f4 b4 14. Na4 Rb8
15. Nc5 Rb6 16. Nb3 g6 17. Rd4 Bg7 18. e5 d5 19. c4 bxc3 20. bxc3 f6 21. c4
fxe5 22. fxe5 Bxe5 23. Rd2 Rd6 24. cxd5 exd5 25. Rfd1 Re8 26. Bf3 Bf4 27. Rxd5
Be3+ 28. Kf1 Rxd5 29. Rxd5+ Ke7 30. Rd1 a5 31. g4 a4 32. Nd4 Bd7 {
Rest nicht lesbar} 0-1



!DSPAM:49fb3527288081197315040!